[Event "Stay Safe Play From Home 315"]
[Site "Emanuel Lasker Arena"]
[Date "2020.07.19"]
[Round "3"]
[White "Haris kollari 13"]
[Black "TheCHESSHOUSE"]
[Result "0-1"]
[WhiteElo "1891"]
[BlackElo "1620"]
[Annotator "NA"]
[PlyCount "116"]
[EventDate "2020.07.19"]
[EventType "swiss (blitz)"]

1. e4 {[%emt 0:00:01]} c5 {[%emt 0:00:01]} 2. Nf3 {[%emt 0:00:02]} d6 {[%emt 0:00:01]} 3. d4 {[%emt 0:00:01]} cxd4 {[%emt 0:00:01]} 4. Nxd4 {[%emt 0:00:00]} Nf6 {[%emt 0:00:01]} 5. Nc3 {[%emt 0:00:01]} g6 {[%emt 0:00:01]} 6. f4 {[%emt 0:00:01]} Bg7 {[%emt 0:00:01]} 7. Be2 {[%emt 0:00:01]} O-O {[%emt 0:00:01]} 8. Be3 {[%emt 0:00:01]} Nc6 {[%emt 0:00:01]} 9. h3 {[%emt 0:00:03]} Bd7 {[%emt 0:00:01]} 10. Qd2 {[%emt 0:00:01]} Rc8 {[%emt 0:00:03]} 11. Bf3 {[%emt 0:00:01]} a6 {[%emt 0:00:02]} 12. g4 {[%emt 0:00:02]} Na5 {[%emt 0:00:06]} 13. O-O-O {[%emt 0:00:18]} Nc4 {[%emt 0:00:02]} 14. Qf2 {[%emt 0:00:03]} Qa5 {[%emt 0:00:05]} 15. Rd3 {[%emt 0:00:07]} e5 {[%emt 0:00:06]} 16. Nb3 {[%emt 0:00:02]} Qc7 {[%emt 0:00:02]} 17. f5 {[%emt 0:00:04]} Kh8 {[%emt 0:00:16]} 18. g5 {[%emt 0:00:01]} Ng8 {[%emt 0:00:01]} 19. f6 {[%emt 0:00:01]} Be6 {[%emt 0:00:05]} 20. fxg7+ {[%emt 0:00:21]} Kxg7 {[%emt 0:00:00]} 21. Bd1 {[%emt 0:00:06]} f5 {[%emt 0:00:05]} 22. gxf6+ {[%emt 0:00:06]} Nxf6 {[%emt 0:00:05]} 23. Qh4 {[%emt 0:00:02]} Nxe3 {[%emt 0:00:09]} 24. Rxe3 {[%emt 0:00:02]} b5 {[%emt 0:00:01]} 25. Nd5 {[%emt 0:00:20]} Bxd5 {[%emt 0:00:11]} 26. exd5 {[%emt 0:00:01]} Nxd5 {[%emt 0:00:00]} 27. Rd3 {[%emt 0:00:01]} Nf4 {[%emt 0:00:03]} 28. Rd2 {[%emt 0:00:05]} a5 {[%emt 0:00:09]} 29. Kb1 {[%emt 0:00:04]} a4 {[%emt 0:00:08]} 30. Nc1 {[%emt 0:00:01]} a3 {[%emt 0:00:01]} 31. bxa3 {[%emt 0:00:07]} Qc3 {[%emt 0:00:08]} 32. Nb3 {[%emt 0:00:03]} d5 {[%emt 0:00:08]} 33. Re1 {[%emt 0:00:16]} Rf7 {[%emt 0:00:04]} 34. Qf2 {[%emt 0:00:09]} d4 {[%emt 0:00:05]} 35. Rxe5 {[%emt 0:00:07]} d3 {[%emt 0:00:02]} 36. Qd4 {[%emt 0:00:13]} Ne2 {[%emt 0:00:50]} 37. Qxd3 {[%emt 0:00:36]} Qxe5 {[%emt 0:00:06]} 38. Rxe2 {[%emt 0:00:04]} Qc3 {[%emt 0:00:24]} 39. Qxc3+ {[%emt 0:00:04]} Rxc3 {[%emt 0:00:00]} 40. Rh2 {[%emt 0:00:15]} Rf4 {[%emt 0:00:10]} 41. Bg4 {[%emt 0:00:07]} h5 {[%emt 0:00:02]} 42. Bd7 {[%emt 0:00:07]} b4 {[%emt 0:00:05]} 43. a4 {[%emt 0:00:02]} Rg3 {[%emt 0:00:10]} 44. Kb2 {[%emt 0:00:04]} Rf1 {[%emt 0:00:04]} 45. Bb5 {[%emt 0:00:04]} Re1 {[%emt 0:00:05]} 46. a3 {[%emt 0:00:19]} bxa3+ {[%emt 0:00:02]} 47. Kxa3 {[%emt 0:00:01]} Re5 {[%emt 0:00:09]} 48. Bd3 {[%emt 0:00:07]} Ree3 {[%emt 0:00:11]} 49. Bf1 {[%emt 0:00:03]} Rg1 {[%emt 0:00:04]} 50. Rf2 {[%emt 0:00:04]} Re1 {[%emt 0:00:03]} 51. Bd3 {[%emt 0:00:01]} Rg3 {[%emt 0:00:02]} 52. a5 {[%emt 0:00:01]} Re7 {[%emt 0:00:04]} 53. a6 {[%emt 0:00:01]} Ra7 {[%emt 0:00:02]} 54. Re2 {[%emt 0:00:01]} Rxh3 {[%emt 0:00:02]} 55. Re6 {[%emt 0:00:02]} Rg3 {[%emt 0:00:01]} 56. Nc5 {[%emt 0:00:01]} h4 {[%emt 0:00:02]} 57. Ne4 {[%emt 0:00:01]} Rxd3+ {[%emt 0:00:02]} 58. cxd3 {[%emt 0:00:02]} h3 {[%emt 0:00:00] Time (Lag: Av=0.68s, max=1.3s)} 0-1

[Event "Stay Safe Play From Home 315"]
[Site "Emanuel Lasker Arena"]
[Date "2020.07.19"]
[Round "3"]
[White "Dukic"]
[Black "Timbre"]
[Result "1-0"]
[WhiteElo "1868"]
[BlackElo "1561"]
[Annotator "NA"]
[PlyCount "47"]
[EventDate "2020.07.19"]
[EventType "swiss (blitz)"]

1. c4 {[%emt 0:00:03]} c6 {[%emt 0:00:03]} 2. Nc3 {[%emt 0:00:01]} d5 {[%emt 0:00:01]} 3. d4 {[%emt 0:00:03]} Nf6 {[%emt 0:00:03]} 4. Nf3 {[%emt 0:00:01]} Bf5 {[%emt 0:00:03]} 5. Qb3 {[%emt 0:00:03]} Qb6 {[%emt 0:00:02]} 6. c5 {[%emt 0:00:02]} Qxb3 {[%emt 0:00:02]} 7. axb3 {[%emt 0:00:01]} Nbd7 {[%emt 0:00:01]} 8. b4 {[%emt 0:00:02]} e6 {[%emt 0:00:03]} 9. b5 {[%emt 0:00:02]} Ne4 {[%emt 0:00:04]} 10. bxc6 {[%emt 0:00:01]} bxc6 {[%emt 0:00:02]} 11. Bf4 {[%emt 0:00:02]} Be7 {[%emt 0:00:03]} 12. e3 {[%emt 0:00:01]} O-O {[%emt 0:00:02]} 13. Ba6 {[%emt 0:00:01]} Rfb8 {[%emt 0:00:02]} 14. Bxb8 {[%emt 0:00:03]} Rxb8 {[%emt 0:00:03]} 15. O-O {[%emt 0:00:08]} h6 {[%emt 0:00:03]} 16. Nxe4 {[%emt 0:00:15]} Bxe4 {[%emt 0:00:02]} 17. Nd2 {[%emt 0:00:19]} Rxb2 {[%emt 0:00:06]} 18. Nxe4 {[%emt 0:00:02]} dxe4 {[%emt 0:00:01]} 19. Rfb1 {[%emt 0:00:01]} Rd2 {[%emt 0:00:05]} 20. Rb7 {[%emt 0:00:02]} Bxc5 {[%emt 0:00:07]} 21. Rxd7 {[%emt 0:00:03]} Bb6 {[%emt 0:00:02]} 22. Bb7 {[%emt 0:00:07]} c5 {[%emt 0:00:01]} 23. d5 {[%emt 0:00:02]} exd5 {[%emt 0:00:02]} 24. Bxd5 {[%emt 0:00:02] Timbre resigns (Lag: Av=0.42s, max=0.7s)} 1-0

[Event "Stay Safe Play From Home 315"]
[Site "Emanuel Lasker Arena"]
[Date "2020.07.19"]
[Round "3"]
[White "Shyamph1980"]
[Black "Chesstiger9"]
[Result "0-1"]
[WhiteElo "1650"]
[BlackElo "1944"]
[Annotator "NA"]
[PlyCount "70"]
[EventDate "2020.07.19"]
[EventType "swiss (blitz)"]

{- Volkov, Yuri} 1. e4 {[%emt 0:00:02]} c5 {[%emt 0:00:02]} 2. Nf3 {[%emt 0:00:02]} Nc6 {[%emt 0:00:01]} 3. Bb5 {[%emt 0:00:01]} Qb6 {[%emt 0:00:02]} 4. Nc3 {[%emt 0:00:04]} e6 {[%emt 0:00:03]} 5. a4 {[%emt 0:00:03]} a6 {[%emt 0:00:02]} 6. Be2 {[%emt 0:00:07]} d6 {[%emt 0:00:08]} 7. O-O {[%emt 0:00:04]} Nf6 {[%emt 0:00:01]} 8. d3 {[%emt 0:00:18]} Be7 {[%emt 0:00:02]} 9. Bd2 {[%emt 0:00:02]} O-O {[%emt 0:00:03]} 10. h3 {[%emt 0:00:12]} Qc7 {[%emt 0:00:06]} 11. a5 {[%emt 0:00:04]} d5 {[%emt 0:00:25]} 12. exd5 {[%emt 0:00:27]} exd5 {[%emt 0:00:01]} 13. Na4 {[%emt 0:00:01]} Be6 {[%emt 0:00:23]} 14. Nb6 {[%emt 0:00:03]} Rad8 {[%emt 0:00:03]} 15. Ng5 {[%emt 0:00:21]} h6 {[%emt 0:00:04]} 16. Nxe6 {[%emt 0:00:03]} fxe6 {[%emt 0:00:00]} 17. Bg4 {[%emt 0:00:01]} e5 {[%emt 0:00:18]} 18. Be6+ {[%emt 0:00:11]} Kh8 {[%emt 0:00:01]} 19. Qf3 {[%emt 0:00:23]} e4 {[%emt 0:00:04]} 20. dxe4 {[%emt 0:00:04]} Nxe4 {[%emt 0:00:02]} 21. Qe3 {[%emt 0:00:14]} Nxd2 {[%emt 0:00:05]} 22. Qxd2 {[%emt 0:00:02]} d4 {[%emt 0:00:11]} 23. Nd5 {[%emt 0:00:09]} Qd6 {[%emt 0:00:05]} 24. Nxe7 {[%emt 0:00:03]} Qxe7 {[%emt 0:00:09]} 25. Rae1 {[%emt 0:00:04]} Qf6 {[%emt 0:00:05]} 26. Bb3 {[%emt 0:00:07]} Rde8 {[%emt 0:00:08]} 27. Ba4 {[%emt 0:00:06]} Rxe1 {[%emt 0:00:04]} 28. Rxe1 {[%emt 0:00:03]} Ne5 {[%emt 0:00:01]} 29. f3 {[%emt 0:00:12]} Nc4 {[%emt 0:00:09]} 30. Qc1 {[%emt 0:00:04]} Ne3 {[%emt 0:00:05]} 31. Qd2 {[%emt 0:00:01]} Qg5 {[%emt 0:00:15]} 32. c3 {[%emt 0:00:04]} Rxf3 {[%emt 0:00:33]} 33. cxd4 {[%emt 0:00:14]} Rg3 {[%emt 0:00:17]} 34. Re2 {[%emt 0:00:13]} cxd4 {[%emt 0:00:04]} 35. Qxd4 {[%emt 0:00:06]} Rxg2+ {[%emt 0:00:01] Shyamph1980 resigns (Lag: Av=0.82s, max=2.9s)} 0-1

[Event "Stay Safe Play From Home 315"]
[Site "Emanuel Lasker Arena"]
[Date "2020.07.19"]
[Round "4"]
[White "Chesstiger9"]
[Black "Dukic"]
[Result "0-1"]
[WhiteElo "1949"]
[BlackElo "1873"]
[PlyCount "90"]
[EventDate "2020.07.19"]
[EventType "swiss (blitz)"]

{Volkov, Yuri} 1. d4 {[%emt 0:00:04]} c6 {[%emt 0:00:54]} 2. Nf3 {[%emt 0:00:11]} d6 {[%emt 0:00:00]} 3. e4 {[%emt 0:00:05]} Bg4 {[%emt 0:00:01]} 4. h3 {[%emt 0:00:02]} Bh5 {[%emt 0:00:02]} 5. g4 {[%emt 0:00:09]} Bg6 {[%emt 0:00:02]} 6. Bd3 {[%emt 0:00:01]} Nd7 {[%emt 0:00:01]} 7. e5 {[%emt 0:00:02]} dxe5 {[%emt 0:00:06]} 8. dxe5 {[%emt 0:00:01]} e6 {[%emt 0:00:01]} 9. h4 {[%emt 0:00:23]} Nxe5 {[%emt 0:00:04] Chesstiger9 offers a draw} 10. Nxe5 {[%emt 0:00:21]} Qa5+ {[%emt 0:00:02]} 11. Nc3 {[%emt 0:00:13]} Qxe5+ {[%emt 0:00:02]} 12. Be3 {[%emt 0:00:02]} Bc5 {[%emt 0:00:22]} 13. Qf3 {[%emt 0:00:18]} Bxe3 {[%emt 0:00:18]} 14. fxe3 {[%emt 0:00:10]} O-O-O {[%emt 0:00:32]} 15. O-O-O {[%emt 0:00:25]} Nf6 {[%emt 0:00:39]} 16. h5 {[%emt 0:00:22]} Bxd3 {[%emt 0:00:03]} 17. cxd3 {[%emt 0:00:05]} Qg5 {[%emt 0:00:03]} 18. Rhg1 {[%emt 0:00:14]} Rd7 {[%emt 0:00:06]} 19. Kb1 {[%emt 0:00:11]} Rhd8 {[%emt 0:00:02]} 20. e4 {[%emt 0:00:03]} h6 {[%emt 0:00:08]} 21. Ne2 {[%emt 0:00:19]} Qe5 {[%emt 0:00:06]} 22. Nc3 {[%emt 0:00:07]} Nh7 {[%emt 0:00:15]} 23. Rgf1 {[%emt 0:00:21]} Ng5 {[%emt 0:00:01]} 24. Qe3 {[%emt 0:00:10]} Kb8 {[%emt 0:00:05]} 25. Rd2 {[%emt 0:00:16]} Qd4 {[%emt 0:00:06]} 26. Qxd4 {[%emt 0:00:01]} Rxd4 {[%emt 0:00:02]} 27. Kc2 {[%emt 0:00:02]} f6 {[%emt 0:00:09]} 28. Rff2 {[%emt 0:00:02]} e5 {[%emt 0:00:03]} 29. Rf1 {[%emt 0:00:01]} Nh3 {[%emt 0:00:02]} 30. Rf3 {[%emt 0:00:02]} Nf4 {[%emt 0:00:02]} 31. Ne2 {[%emt 0:00:01]} Nxe2 {[%emt 0:00:03]} 32. Rxe2 {[%emt 0:00:00]} c5 {[%emt 0:00:02]} 33. b3 {[%emt 0:00:01]} b5 {[%emt 0:00:01]} 34. Kc3 {[%emt 0:00:01]} Kb7 {[%emt 0:00:02]} 35. Ref2 {[%emt 0:00:01]} Kb6 {[%emt 0:00:01]} 36. Re2 {[%emt 0:00:01]} a5 {[%emt 0:00:04]} 37. Ref2 {[%emt 0:00:04]} b4+ {[%emt 0:00:04]} 38. Kc2 {[%emt 0:00:01]} Kb5 {[%emt 0:00:00]} 39. Re2 {[%emt 0:00:01]} a4 {[%emt 0:00:01]} 40. Ref2 {[%emt 0:00:02]} axb3+ {[%emt 0:00:01]} 41. axb3 {[%emt 0:00:00]} Ra8 {[%emt 0:00:01]} 42. Kb2 {[%emt 0:00:01]} Rd6 {[%emt 0:00:05]} 43. Rf1 {[%emt 0:00:02]} Rda6 {[%emt 0:00:01]} 44. Kc2 {[%emt 0:00:01]} Ra2+ {[%emt 0:00:01]} 45. Kd1 {[%emt 0:00:01]} Rb2 {[%emt 0:00:01] Time (Lag: Av=0.43s, max=3.0s)} 0-1

[Event "Stay Safe Play From Home 315"]
[Site "Emanuel Lasker Arena"]
[Date "2020.07.19"]
[Round "4"]
[White "TheCHESSHOUSE"]
[Black "Shyamph1980"]
[Result "1-0"]
[WhiteElo "1831"]
[BlackElo "1645"]
[Annotator "NA"]
[PlyCount "45"]
[EventDate "2020.07.19"]
[EventType "swiss (blitz)"]

1. d4 {[%emt 0:00:03]} d5 {[%emt 0:00:01]} 2. c4 {[%emt 0:00:01]} e6 {[%emt 0:00:01]} 3. g3 {[%emt 0:00:01]} b6 {[%emt 0:00:02]} 4. Bg2 {[%emt 0:00:01]} Bb7 {[%emt 0:00:00]} 5. Nf3 {[%emt 0:00:02]} Nd7 {[%emt 0:00:01]} 6. O-O {[%emt 0:00:01]} Ngf6 {[%emt 0:00:02]} 7. Nbd2 {[%emt 0:00:01]} Be7 {[%emt 0:00:01]} 8. b3 {[%emt 0:00:01]} O-O {[%emt 0:00:03]} 9. Bb2 {[%emt 0:00:01]} Rc8 {[%emt 0:00:05]} 10. Rc1 {[%emt 0:00:02]} c5 {[%emt 0:00:03]} 11. e3 {[%emt 0:00:05]} Ba6 {[%emt 0:00:09]} 12. Re1 {[%emt 0:00:02]} Bb7 {[%emt 0:00:27]} 13. Qe2 {[%emt 0:00:13]} Re8 {[%emt 0:00:18]} 14. cxd5 {[%emt 0:00:13]} exd5 {[%emt 0:00:04]} 15. Qd3 {[%emt 0:00:07]} h6 {[%emt 0:00:13]} 16. Red1 {[%emt 0:00:12]} Bf8 {[%emt 0:00:25]} 17. Ne5 {[%emt 0:00:03]} Nxe5 {[%emt 0:00:09]} 18. dxe5 {[%emt 0:00:00]} Ng4 {[%emt 0:00:34]} 19. Qf5 {[%emt 0:00:13]} h5 {[%emt 0:00:21]} 20. Qxh5 {[%emt 0:00:05]} Qd7 {[%emt 0:00:11]} 21. Bh3 {[%emt 0:00:07]} f5 {[%emt 0:00:31]} 22. exf6 {[%emt 0:00:05]} Nxf6 {[%emt 0:00:10]} 23. Bxf6 {[%emt 0:00:03] Shyamph1980 resigns (Lag: Av=0.79s, max=1.1s)} 1-0

[Event "Stay Safe Play From Home 315"]
[Site "Emanuel Lasker Arena"]
[Date "2020.07.19"]
[Round "4"]
[White "Timbre"]
[Black "Haris kollari 13"]
[Result "1-0"]
[WhiteElo "1556"]
[BlackElo "1863"]
[Annotator "NA"]
[PlyCount "71"]
[EventDate "2020.07.19"]
[EventType "swiss (blitz)"]

1. d4 {[%emt 0:00:05]} e6 {[%emt 0:00:01]} 2. Nf3 {[%emt 0:00:01]} d5 {[%emt 0:00:01]} 3. c3 {[%emt 0:00:01]} c5 {[%emt 0:00:01]} 4. Bf4 {[%emt 0:00:02]} Nc6 {[%emt 0:00:01]} 5. e3 {[%emt 0:00:01]} f5 {[%emt 0:00:01]} 6. Be2 {[%emt 0:00:02]} Nf6 {[%emt 0:00:01]} 7. Nbd2 {[%emt 0:00:01]} h6 {[%emt 0:00:01]} 8. O-O {[%emt 0:00:01]} Be7 {[%emt 0:00:01]} 9. Ne5 {[%emt 0:00:03]} g5 {[%emt 0:00:04]} 10. Bg3 {[%emt 0:00:05]} cxd4 {[%emt 0:00:09]} 11. Bh5+ {[%emt 0:00:04]} Kf8 {[%emt 0:00:03]} 12. Ng6+ {[%emt 0:00:02]} Kg7 {[%emt 0:00:01]} 13. Nxh8 {[%emt 0:00:04]} g4 {[%emt 0:00:01]} 14. Nf7 {[%emt 0:00:06]} Qf8 {[%emt 0:00:06]} 15. Ne5 {[%emt 0:00:06]} Nxh5 {[%emt 0:00:02]} 16. Nxc6 {[%emt 0:00:05]} bxc6 {[%emt 0:00:01]} 17. exd4 {[%emt 0:00:01]} Nxg3 {[%emt 0:00:04]} 18. hxg3 {[%emt 0:00:02]} Ba6 {[%emt 0:00:01]} 19. Re1 {[%emt 0:00:02]} Kf6 {[%emt 0:00:03]} 20. Nf1 {[%emt 0:00:02]} Bd6 {[%emt 0:00:01]} 21. Qd2 {[%emt 0:00:02]} h5 {[%emt 0:00:03]} 22. Qe3 {[%emt 0:00:03]} Re8 {[%emt 0:00:04]} 23. b4 {[%emt 0:00:07]} Qg7 {[%emt 0:00:05]} 24. a4 {[%emt 0:00:04]} Qh7 {[%emt 0:00:04]} 25. b5 {[%emt 0:00:03]} cxb5 {[%emt 0:00:02]} 26. axb5 {[%emt 0:00:02]} Bxb5 {[%emt 0:00:01]} 27. f3 {[%emt 0:00:04]} gxf3 {[%emt 0:00:07]} 28. Qxf3 {[%emt 0:00:03]} Qg6 {[%emt 0:00:13]} 29. Rxa7 {[%emt 0:00:08]} Bxf1 {[%emt 0:00:02]} 30. Rxf1 {[%emt 0:00:03]} Bxg3 {[%emt 0:00:02]} 31. Ra6 {[%emt 0:00:11]} Rd8 {[%emt 0:00:06]} 32. Qe3 {[%emt 0:00:04]} h4 {[%emt 0:00:18]} 33. Rxe6+ {[%emt 0:00:04]} Kf7 {[%emt 0:00:04]} 34. Rxg6 {[%emt 0:00:02]} Kxg6 {[%emt 0:00:01]} 35. Qe6+ {[%emt 0:00:06]} Kh5 {[%emt 0:00:04]} 36. Rxf5+ {[%emt 0:00:03] Haris kollari 13 resigns (Lag: Av=0.33s, max=0.6s)} 1-0

[Event "Stay Safe Play From Home 315"]
[Site "Emanuel Lasker Arena"]
[Date "2020.07.19"]
[Round "5"]
[White "Möwe"]
[Black "TheCHESSHOUSE"]
[Result "0-1"]
[WhiteElo "1648"]
[BlackElo "1869"]
[Annotator "NA"]
[PlyCount "82"]
[EventDate "2020.07.19"]
[EventType "swiss (blitz)"]

1. e4 {[%emt 0:00:12]} c5 {[%emt 0:00:08]} 2. Bc4 {[%emt 0:00:12]} e6 {[%emt 0:00:11]} 3. c3 {[%emt 0:00:00]} d5 {[%emt 0:00:01]} 4. exd5 {[%emt 0:00:01]} exd5 {[%emt 0:00:00]} 5. Qe2+ {[%emt 0:00:01]} Be7 {[%emt 0:00:02]} 6. Bb5+ {[%emt 0:00:01]} Bd7 {[%emt 0:00:01]} 7. Na3 {[%emt 0:00:03]} Nf6 {[%emt 0:00:03]} 8. Nf3 {[%emt 0:00:01]} O-O {[%emt 0:00:01]} 9. O-O {[%emt 0:00:02]} a6 {[%emt 0:00:02]} 10. Bxd7 {[%emt 0:00:03]} Nfxd7 {[%emt 0:00:01]} 11. d4 {[%emt 0:00:01]} Nc6 {[%emt 0:00:03]} 12. Nc2 {[%emt 0:00:02]} Bf6 {[%emt 0:00:03]} 13. Bf4 {[%emt 0:00:02]} Re8 {[%emt 0:00:02]} 14. Qd3 {[%emt 0:00:01]} Qb6 {[%emt 0:00:07]} 15. b3 {[%emt 0:00:03]} h6 {[%emt 0:00:09]} 16. dxc5 {[%emt 0:00:02]} Nxc5 {[%emt 0:00:10]} 17. Qxd5 {[%emt 0:00:05]} Rad8 {[%emt 0:00:21]} 18. Qc4 {[%emt 0:00:03]} Re4 {[%emt 0:00:34]} 19. Ncd4 {[%emt 0:00:03]} Rxf4 {[%emt 0:00:02]} 20. b4 {[%emt 0:00:11]} Ne6 {[%emt 0:00:07]} 21. Rad1 {[%emt 0:00:08]} Ncxd4 {[%emt 0:00:06]} 22. Nxd4 {[%emt 0:00:05]} Nxd4 {[%emt 0:00:02]} 23. cxd4 {[%emt 0:00:02]} Rfxd4 {[%emt 0:00:01]} 24. Qc2 {[%emt 0:00:11]} Qxb4 {[%emt 0:00:04]} 25. Rxd4 {[%emt 0:00:04]} Qxd4 {[%emt 0:00:03]} 26. g3 {[%emt 0:00:05]} b5 {[%emt 0:00:02]} 27. Qc6 {[%emt 0:00:04]} Qd6 {[%emt 0:00:04]} 28. Qb7 {[%emt 0:00:04]} Rb8 {[%emt 0:00:09]} 29. Qa7 {[%emt 0:00:03]} Bd4 {[%emt 0:00:02]} 30. Qxb8+ {[%emt 0:00:08]} Qxb8 {[%emt 0:00:02]} 31. Rd1 {[%emt 0:00:00]} Qb6 {[%emt 0:00:02]} 32. Rxd4 {[%emt 0:00:02]} Qxd4 {[%emt 0:00:01]} 33. Kg2 {[%emt 0:00:01]} Qb2 {[%emt 0:00:02]} 34. a4 {[%emt 0:00:02]} bxa4 {[%emt 0:00:01]} 35. h4 {[%emt 0:00:01]} a3 {[%emt 0:00:01]} 36. g4 {[%emt 0:00:01]} a2 {[%emt 0:00:01]} 37. h5 {[%emt 0:00:00]} a1=Q {[%emt 0:00:01]} 38. g5 {[%emt 0:00:00]} Qaa2 {[%emt 0:00:02]} 39. gxh6 {[%emt 0:00:02]} Qxf2+ {[%emt 0:00:01]} 40. Kh3 {[%emt 0:00:01]} Qb3+ {[%emt 0:00:01]} 41. Kg4 {[%emt 0:00:01]} Qbg3# {[%emt 0:00:02] (Lag: Av=0.71s, max=1.1s)} 0-1

[Event "Stay Safe Play From Home 315"]
[Site "Emanuel Lasker Arena"]
[Date "2020.07.19"]
[Round "5"]
[White "Shyamph1980"]
[Black "Dukic"]
[Result "0-1"]
[WhiteElo "1636"]
[BlackElo "1894"]
[Annotator "NA"]
[PlyCount "72"]
[EventDate "2020.07.19"]
[EventType "swiss (blitz)"]

1. e4 {[%emt 0:00:02]} c6 {[%emt 0:00:02]} 2. e5 {[%emt 0:00:03]} d6 {[%emt 0:00:06]} 3. Nf3 {[%emt 0:00:02]} Bg4 {[%emt 0:00:04]} 4. exd6 {[%emt 0:00:11]} Qxd6 {[%emt 0:00:02]} 5. Be2 {[%emt 0:00:01]} Nd7 {[%emt 0:00:02]} 6. O-O {[%emt 0:00:01]} e5 {[%emt 0:00:02]} 7. h3 {[%emt 0:00:01]} Bh5 {[%emt 0:00:02]} 8. Nh4 {[%emt 0:00:04]} Bxe2 {[%emt 0:00:03]} 9. Qxe2 {[%emt 0:00:02]} g6 {[%emt 0:00:02]} 10. Nc3 {[%emt 0:00:08]} Ngf6 {[%emt 0:00:02]} 11. d3 {[%emt 0:00:10]} Bg7 {[%emt 0:00:05]} 12. f4 {[%emt 0:00:19]} O-O {[%emt 0:00:07]} 13. fxe5 {[%emt 0:00:03]} Nxe5 {[%emt 0:00:31]} 14. Bf4 {[%emt 0:00:05]} Nh5 {[%emt 0:00:06]} 15. Bh2 {[%emt 0:00:18]} Qd4+ {[%emt 0:00:05]} 16. Qf2 {[%emt 0:00:07]} Qb4 {[%emt 0:00:20]} 17. Rab1 {[%emt 0:00:15]} Nxd3 {[%emt 0:00:02]} 18. Qd2 {[%emt 0:00:33]} Nxb2 {[%emt 0:00:05]} 19. Nf3 {[%emt 0:00:08]} Bxc3 {[%emt 0:00:03]} 20. a3 {[%emt 0:00:30]} Bxd2 {[%emt 0:00:11]} 21. axb4 {[%emt 0:00:03]} Be3+ {[%emt 0:00:02]} 22. Kh1 {[%emt 0:00:02]} Nc4 {[%emt 0:00:01]} 23. Bc7 {[%emt 0:00:37]} Rac8 {[%emt 0:00:04]} 24. Bh2 {[%emt 0:00:03]} Rfe8 {[%emt 0:00:02]} 25. Rfd1 {[%emt 0:00:05]} Rcd8 {[%emt 0:00:08]} 26. Re1 {[%emt 0:00:02]} f5 {[%emt 0:00:02]} 27. Bc7 {[%emt 0:00:02]} Rd7 {[%emt 0:00:02]} 28. Bh2 {[%emt 0:00:06]} f4 {[%emt 0:00:01]} 29. Ng5 {[%emt 0:00:03]} Ng3+ {[%emt 0:00:16]} 30. Bxg3 {[%emt 0:00:08]} fxg3 {[%emt 0:00:01]} 31. Nf3 {[%emt 0:00:06]} b5 {[%emt 0:00:08]} 32. Rb3 {[%emt 0:00:02]} Rde7 {[%emt 0:00:06]} 33. Rd3 {[%emt 0:00:22]} Bf2 {[%emt 0:00:02]} 34. Red1 {[%emt 0:00:03]} Ne5 {[%emt 0:00:08]} 35. Nxe5 {[%emt 0:00:02]} Rxe5 {[%emt 0:00:01]} 36. Rd7 {[%emt 0:00:01]} Re1+ {[%emt 0:00:02] Shyamph1980 resigns (Lag: Av=0.66s, max=1.2s)} 0-1

[Event "Stay Safe Play From Home 315"]
[Site "Emanuel Lasker Arena"]
[Date "2020.07.19"]
[Round "5"]
[White "Timbre"]
[Black "Chesstiger9"]
[Result "0-1"]
[WhiteElo "1585"]
[BlackElo "1929"]
[PlyCount "54"]
[EventDate "2020.07.19"]
[EventType "swiss (blitz)"]

{- Volkov, Yuri} 1. d4 {[%emt 0:00:28]} Nf6 {[%emt 0:00:02]} 2. Nf3 {[%emt 0:00:01]} e6 {[%emt 0:00:01]} 3. c3 {[%emt 0:00:01]} d5 {[%emt 0:00:01]} 4. Bf4 {[%emt 0:00:01]} Bd6 {[%emt 0:00:02]} 5. Bg3 {[%emt 0:00:02]} Ne4 {[%emt 0:00:02]} 6. e3 {[%emt 0:00:02]} Nxg3 {[%emt 0:00:01]} 7. hxg3 {[%emt 0:00:02]} h6 {[%emt 0:00:01]} 8. Bd3 {[%emt 0:00:01]} Nd7 {[%emt 0:00:01]} 9. Nbd2 {[%emt 0:00:01]} Nf6 {[%emt 0:00:01]} 10. Qe2 {[%emt 0:00:01]} c5 {[%emt 0:00:05]} 11. a3 {[%emt 0:00:03]} Bd7 {[%emt 0:00:06]} 12. e4 {[%emt 0:00:02]} dxe4 {[%emt 0:00:01]} 13. Nxe4 {[%emt 0:00:02]} Nxe4 {[%emt 0:00:09]} 14. Bxe4 {[%emt 0:00:02]} Qc7 {[%emt 0:00:03]} 15. dxc5 {[%emt 0:00:03]} Bxc5 {[%emt 0:00:02]} 16. Kf1 {[%emt 0:00:02]} O-O-O {[%emt 0:00:06]} 17. Kg1 {[%emt 0:00:01]} Qxg3 {[%emt 0:00:10]} 18. Rh3 {[%emt 0:00:04]} Qc7 {[%emt 0:00:04]} 19. b4 {[%emt 0:00:03]} Bd6 {[%emt 0:00:07]} 20. c4 {[%emt 0:00:02]} g5 {[%emt 0:00:06]} 21. Nd4 {[%emt 0:00:07]} Be5 {[%emt 0:00:07]} 22. Rd3 {[%emt 0:00:14]} f5 {[%emt 0:00:06]} 23. Bxf5 {[%emt 0:00:20]} exf5 {[%emt 0:00:04]} 24. Rad1 {[%emt 0:00:05]} Rhe8 {[%emt 0:00:03]} 25. Qh5 {[%emt 0:00:07]} Ba4 {[%emt 0:00:09]} 26. R1d2 {[%emt 0:00:07]} Bxd4 {[%emt 0:00:03]} 27. Rxd4 {[%emt 0:00:03]} Re1# {[%emt 0:00:01] (Lag: Av=0.42s, max=1.3s)} 0-1

[Event "Stay Safe Play From Home 315"]
[Site "Emanuel Lasker Arena"]
[Date "2020.07.19"]
[Round "6"]
[White "TheCHESSHOUSE"]
[Black "Shyamph1980"]
[Result "1-0"]
[WhiteElo "1901"]
[BlackElo "1630"]
[Annotator "NA"]
[PlyCount "49"]
[EventDate "2020.07.19"]
[EventType "swiss (blitz)"]

1. d4 {[%emt 0:00:06]} d5 {[%emt 0:00:02]} 2. c4 {[%emt 0:00:02]} e6 {[%emt 0:00:02]} 3. g3 {[%emt 0:00:09]} b6 {[%emt 0:00:02]} 4. Bg2 {[%emt 0:00:01]} Bb7 {[%emt 0:00:01]} 5. Nf3 {[%emt 0:00:03]} Nd7 {[%emt 0:00:01]} 6. O-O {[%emt 0:00:00]} dxc4 {[%emt 0:00:06]} 7. Nbd2 {[%emt 0:00:01]} b5 {[%emt 0:00:02]} 8. a4 {[%emt 0:00:02]} c6 {[%emt 0:00:02]} 9. Ne5 {[%emt 0:00:17]} Nxe5 {[%emt 0:00:03]} 10. dxe5 {[%emt 0:00:00]} a6 {[%emt 0:00:02]} 11. Qc2 {[%emt 0:00:04]} Qc7 {[%emt 0:00:05]} 12. Ne4 {[%emt 0:00:04]} c5 {[%emt 0:00:23]} 13. axb5 {[%emt 0:00:16]} axb5 {[%emt 0:00:05]} 14. Nd6+ {[%emt 0:00:02]} Bxd6 {[%emt 0:00:05]} 15. exd6 {[%emt 0:00:01]} Qb8 {[%emt 0:00:08]} 16. Rxa8 {[%emt 0:00:25]} Bxa8 {[%emt 0:00:05]} 17. Bxa8 {[%emt 0:00:12]} Qxa8 {[%emt 0:00:03]} 18. b3 {[%emt 0:00:02]} Qc6 {[%emt 0:00:06]} 19. bxc4 {[%emt 0:00:06]} bxc4 {[%emt 0:00:04]} 20. Rd1 {[%emt 0:00:05]} Nf6 {[%emt 0:00:04]} 21. Bg5 {[%emt 0:00:13]} O-O {[%emt 0:00:32]} 22. Bxf6 {[%emt 0:00:02]} gxf6 {[%emt 0:00:02]} 23. Qxc4 {[%emt 0:00:01]} Rd8 {[%emt 0:00:01]} 24. Qf4 {[%emt 0:00:02]} f5 {[%emt 0:00:21]} 25. Qg5+ {[%emt 0:00:02] Shyamph1980 resigns (Lag: Av=0.75s, max=1.0s)} 1-0